• 首页
  • 本馆介绍
  • 公告通知
  • 最新文献
  • 馆藏检索
  • 电子资源
  • 读者导购
  • 参考咨询
  • 我的图书馆
  • 登录
  • 详细信息显示
  • 放入我的书架
  • 预约/预借图书
  • 作者相关作品
  • 分类相关作品
  • 丛书相关作品
  • 出版社相关作品

书目信息

  • 表格格式
  • 工作单格式
  • 卡片格式
题名:
工业水处理技术问答
    
 
作者: 陈朝东 主编
分册:  
出版信息: 北京   化学工业出版社  2007
页数: 272页
开本: 21cm
丛书名: 环境保护问答丛书
单 册:
中图分类: TQ085-44
科图分类:
主题词: 工业用水--水处理--问题解答
电子资源:
ISBN: 7-5025-9353-5
000 01009oam2 2200277 450
001 012004090308
005 20061129110617.0
009 012004090308
010    @a7-5025-9353-5@dCNY20.00
035    @a(110019)012006119746
100    @a20061122d2007 em y0chiy0110 ea
101 0  @achi
102    @aCN@b110000
105    @ay z 000yy
106    @ar
200 1  @a工业水处理技术问答@Agong ye shui chu li ji shu wen da@f陈朝东主编@Fchen chao dong zhu bian
210    @a北京@c化学工业出版社@d2007
215    @a272页@d21cm
225 2  @a环境保护问答丛书@Ahuan jing bao hu wen da cong shu
330    @a本书采用问答的形式,汇总了工业水处理技术的各项内容,包括基础知识、标准法规、水中的污染物及其危害、工业水处理技术以及几种典型工业废水的处理和利用,最后还介绍了水处理中常用的药剂。
461  0 @12001 @a环境保护问答丛书
606 0  @a工业用水@x水处理@x问题解答
690    @aTQ085-44@v4
701  0 @a陈朝东@Achen chao dong@4主编
801  0 @aCN@b110019@c20061129
905    @dTQ085@e125 @f5
    
    工业水处理技术问答/陈朝东主编.-北京:化学工业出版社,2007
    272页;21cm.-(环境保护问答丛书)
    
    
    ISBN 7-5025-9353-5:CNY20.00
    本书采用问答的形式,汇总了工业水处理技术的各项内容,包括基础知识、标准法规、水中的污染物及其危害、工业水处理技术以及几种典型工业废水的处理和利用,最后还介绍了水处理中常用的药剂。
●
相关链接 在E读中查询图书 在五车中查询图书 在当当中查询图书 在豆瓣中查询图书


正题名:工业水处理技术问答     索取号:TQ085/125         预约/预借

序号 登录号 条形码 馆藏地/架位号 状态 备注
1 0573713   205737130   第二样本阅览室/ [索取号:TQ085/125] 在馆    
2 0573714   205737149   密集书库/ [索取号:TQ085/125] 在馆    
3 0573715   205737158   第三借阅区/ [索取号:TQ085/125] 在馆    
4 0573716   205737167   密集书库/ [索取号:TQ085/125] 在馆    
5 0573717   205737176   第三借阅区/ [索取号:TQ085/125] 在馆    
6 0573718   205737185   第三借阅区/ [索取号:TQ085/125] 在馆    
7 0573719   205737194   密集书库/ [索取号:TQ085/125] 在馆    
8 0573720   205737201   第三借阅区/ [索取号:TQ085/125] 在馆    
9 0850528   208505287   第三借阅区/ [索取号:TQ085/125] 在馆    
10 0850529   208505296   密集书库/ [索取号:TQ085/125] 在馆    
11 0850530   208505303   密集书库/ [索取号:TQ085/125] 在馆    
12 0850531   208505312   密集书库/ [索取号:TQ085/125] 在馆    
13 0850532   208505321   密集书库/ [索取号:TQ085/125] 在馆    
唐山师范学院图书馆 欢迎您!
大连网信软件有限公司© 版权所有